000 00896nas a2200277 4500
001 BR0902904
003 BR-BrBNA
005 20231205113426.0
007 ta
008 230509b bl.|||p| |||| 00| 00por d
040 _aBR-BrBNA
_bpor
_cBiblioteca Nacional de Agricultura
041 _a(Pt)
072 _aF02
100 1 _aAlmeida, J.L.
100 1 _aDiniz, J.D.N.
100 1 _aFerreyra Hernandez, F.F.
245 1 _aMicropropagação de Crossandra infundibuliformis Nees cultivar "Mona Wallhead"
650 _aPLANTA ORNAMENTAL
650 _aMICROPROPAGAÇÃO
650 _aCULTURA DE TECIDO
650 _aENRAIZAMENTO
773 0 _tRevista Brasileira de Horticultura Ornamental (Brazil)
_xISSN 1809-6093
_g(2009), v. 14(2) p. 115-122
_wBR0902904
856 4 0 _uhttp://www.aprh.pt/rgci/pdf/rgci-155_Borges.pdf
909 _a202311
_bLúcia
_c55
_dLúcia Elande
942 _2AGRIS
_n0
_cANA
999 _c203708
_d203708